| 000 | 00709nam a2200217Ia 4500 | ||
|---|---|---|---|
| 003 | IN-BaIIA | ||
| 008 | 211028s9999 xx 000 0 eng d | ||
| 020 | _a978-3-319-03169-9 | ||
| 040 | _cIIA Library | ||
| 080 |
_a524.4 _bFIN |
||
| 100 |
_aFinlay, Warren H _936208 |
||
| 245 | 0 |
_aConcise catalog of deep-sky objects _bastrophysical information for 550 galaxies, clusters and nebulae _cWarren H Finlay |
|
| 250 | _a2nd ed. | ||
| 260 |
_aSwitzerland _bSpringer _c2014 |
||
| 300 | _axi, 441p. | ||
| 490 | _aThe Patrick Moore Practical Astronomy Series | ||
| 650 |
_aAstronomy, observations and techniques _932107 |
||
| 650 |
_aPhysics _973 |
||
| 650 |
_aPopular science in astronomy _935908 |
||
| 942 | _cBK | ||
| 999 |
_c18965 _d18965 |
||